|
|
|
|
| LEADER |
00883nab#a2200313#ar4500 |
| 001 |
000046713 |
| 003 |
SVKKK |
| 005 |
20031111103825.0 |
| 008 |
031111c xo e sloo |
| FMT |
|
|
|
| 038 |
|
|
|a SVKKK
|
| 040 |
|
|
|a SVKKK
|b slo
|e AACR2
|
| 041 |
0 |
|
|a slo
|
| 044 |
|
|
|a xo
|c SK
|
| 080 |
|
|
|a 379.8
|2 1997
|
| 080 |
|
|
|a 796.9
|2 1997
|
| 100 |
1 |
|
|a Linhardová, Alžbeta
|4 aut
|
| 245 |
1 |
0 |
|a Dobrá správa: Kavečany zajtra naostro :
|b lyžiarské centrá v okolí majú ideálne podmienky na relax
|c Alžbeta Linhardová ; František Iván
|
| 300 |
|
|
|b Fotogr.
|
| 650 |
0 |
4 |
|a strediská lyžiarské
|x lyžovanie
|x situácia
|z Košice (Slovensko)
|
| 700 |
1 |
|
|a Iván, František
|4 pht
|
| 773 |
0 |
|
|t Košický večer
|g Roč. 14(35), č. 6 (10.1.2003), s. 1
|
| 957 |
|
|
|a 802
|
| 958 |
|
|
|a K1
|
| 974 |
|
|
|a MI
|
| 992 |
|
|
|a RBX
|
| BAS |
|
|
|
| 852 |
|
|
|a SVKKK
|b BIB
|
| 998 |
|
|
|a REG
|